LIBRARY & INFORMATION CENTRE, KCAET, TAVANUR

ONLINE PUBLIC ACCESS CATALOGUE (OPAC)

Radiographic atlas of skeletal development of the hand and wrist / (Record no. 7590)

MARC details
000 -LEADER
fixed length control field 00524cam a2200181ua 4500
041 ## - LANGUAGE CODE
Language code of text/sound track or separate title eng
082 ## - DEWEY DECIMAL CLASSIFICATION NUMBER
Classification number 616.075 702 23
Item number GRE/RA
100 ## - MAIN ENTRY--AUTHOR NAME
Personal name Greulich, William Walter .
245 ## - TITLE STATEMENT
Title Radiographic atlas of skeletal development of the hand and wrist /
250 ## - EDITION STATEMENT
Edition statement 2 /
260 ## - PUBLICATION, DISTRIBUTION, ETC. (IMPRINT)
Place of publication California :
Name of publisher Stanford Universtiy Press ,
Year of publication 1959.
300 ## - PHYSICAL DESCRIPTION
Number of Pages 234 ; .
500 ## - GENERAL NOTE
General note **Reference
700 1# - ADDED ENTRY--PERSONAL NAME
Personal name Pyle, Idell .
942 ## - ADDED ENTRY ELEMENTS (KOHA)
Koha item type Books
Holdings
Withdrawn status Lost status Damaged status Home library Current library Date acquired Full call number Accession Number Koha item type
      KAUAET KAUAET 07/04/2012 616.075 702 23 3555 Reference
free website counter